[Event "Oberliga Ost A 2017 2018"]
[Site "Germany"]
[Date "2017.11.11"]
[Round "2.1"]
[White "Cerveny, Martin"]
[Black "Reizniece Ozola, Dana"]
[Result "1-0"]
[WhiteElo "2381"]
[BlackElo "2283"]
[PlyCount "107"]
[EventDate "2017.10.22"]
[EventType "team-tourn"]
[EventCountry "GER"]
[WhiteTeam "Aue ESV Nickelhuette II"]
[BlackTeam "Loeberitz SG"]
[WhiteTeamCountry "GER"]
[BlackTeamCountry "GER"]

1. d4 Nf6 2. Nf3 g6 3. Bf4 Bg7 4. h3 O-O 5. e3 d6 6. c3 Nfd7 7. Nbd2 e5 8. dxe5
dxe5 9. Bh2 Nc6 10. Bb5 Qe7 11. O-O a6 12. Bxc6 bxc6 13. Qa4 Rb8 14. Nb3 c5 15.
Rad1 Rb5 16. Nfd2 Nb6 17. Qa3 Re8 18. e4 Bf8 19. Na5 Qg5 20. c4 Rxa5 21. Qxa5
Bxh3 22. Bg3 Bg4 23. Rde1 Rd8 24. Nb3 Be6 25. Rd1 Nxc4 26. Qc3 Re8 27. Nc1 Bd6
28. Nd3 Ne3 29. Qc1 c4 30. Rfe1 cxd3 31. Rxe3 Bxa2 32. Qc6 Rb8 33. Rexd3 Rxb2
34. Rxd6 cxd6 35. Qxd6 Rb5 36. Qxa6 Bb3 37. Qxb5 Bxd1 38. Qe8+ Kg7 39. Bxe5+ f6
40. Qe7+ Kh6 41. Bxf6 Qc1 42. Qg7+ Kh5 43. Qxh7+ Qh6 44. Qd7 Bg4 45. Qb5+ g5
46. Qe8+ Qg6 47. Qh8+ Qh6 48. f3 Bd7 49. Qg8 g4 50. Qf7+ Qg6 51. Qxd7 Qxf6 52.
Qf5+ Qxf5 53. exf5 gxf3 54. g4+ 1-0

[Event "Oberliga Ost A 2017 2018"]
[Site "Germany"]
[Date "2017.11.11"]
[Round "2.2"]
[White "Niegsch, Nicolas"]
[Black "Jurasek, Miroslav"]
[Result "1/2-1/2"]
[WhiteElo "2232"]
[BlackElo "2276"]
[PlyCount "117"]
[EventDate "2017.10.22"]
[EventType "team-tourn"]
[EventCountry "GER"]
[WhiteTeam "Loeberitz SG"]
[BlackTeam "Aue ESV Nickelhuette II"]
[WhiteTeamCountry "GER"]
[BlackTeamCountry "GER"]

1. Nf3 d5 2. g3 Nf6 3. Bg2 Bg4 4. O-O Nbd7 5. b3 c6 6. Bb2 e6 7. d3 Bc5 8. Qe1
a5 9. e4 O-O 10. h3 Bxf3 11. Bxf3 dxe4 12. dxe4 e5 13. a4 Re8 14. Qe2 Nf8 15.
Nd2 Bd4 16. Bxd4 Qxd4 17. Nc4 Ne6 18. Rad1 Qc5 19. Qe3 Qxe3 20. fxe3 Nc5 21.
Kg2 Re6 22. Nd6 Ne8 23. Nxf7 Re7 24. Be2 Rxf7 25. Bc4 Nf6 26. g4 h6 27. h4
Ncxe4 28. Bxf7+ Kxf7 29. Rd7+ Kg6 30. Rxb7 Nxg4 31. Rff7 Kh5 32. Rxg7 Kxh4 33.
Kf3 Ng5+ 34. Ke2 Rf8 35. Rg6 Rf2+ 36. Kd3 Rf3 37. Rbg7 Rxe3+ 38. Kc4 Re2 39.
Kd3 Rg2 40. Rxc6 e4+ 41. Kc3 e3 42. Re7 h5 43. Rc5 Nf3 44. b4 axb4+ 45. Kxb4 e2
46. a5 e1=Q+ 47. Rxe1 Nxe1 48. a6 Nxc2+ 49. Ka5 Nd4 50. a7 Ne5 51. Ka6 Rg6+ 52.
Kb7 Rg7+ 53. Ka6 Rg8 54. Kb7 Rg7+ 55. Ka6 Rxa7+ 56. Kxa7 Kg4 57. Rc8 Ndc6+ 58.
Kb6 Ne7 59. Rh8 1/2-1/2

[Event "Oberliga Ost A 2017 2018"]
[Site "Germany"]
[Date "2017.11.11"]
[Round "2.3"]
[White "Schnabel, Ralf"]
[Black "Stein, Robert"]
[Result "1-0"]
[WhiteElo "2225"]
[BlackElo "2253"]
[PlyCount "103"]
[EventDate "2017.10.22"]
[EventType "team-tourn"]
[EventCountry "GER"]
[WhiteTeam "Aue ESV Nickelhuette II"]
[BlackTeam "Loeberitz SG"]
[WhiteTeamCountry "GER"]
[BlackTeamCountry "GER"]

1. e4 e6 2. d4 d5 3. Nd2 Nc6 4. Ngf3 Nf6 5. e5 Nd7 6. Be2 f6 7. exf6 Qxf6 8.
Nf1 Bd6 9. Ne3 Nb6 10. O-O Bd7 11. c4 dxc4 12. Nxc4 Nxc4 13. Bxc4 h6 14. Re1
O-O-O 15. Qe2 Rhe8 16. Be3 g5 17. Rad1 g4 18. Nd2 Qg6 19. Qd3 Qh5 20. Nf1 Qh4
21. Ng3 h5 22. Qg6 Rg8 23. Qe4 Qf6 24. Nxh5 Bxh2+ 25. Kxh2 Qh4+ 26. Kg1 Qxh5
27. g3 Rh8 28. Bf4 Nxd4 29. Rxd4 Bc6 30. Bxe6+ Kb8 31. Rxd8+ Rxd8 32. Bxg4 Qh8
33. Bxc7+ Kxc7 34. Qe5+ Qxe5 35. Rxe5 Rd2 36. Be2 Rxb2 37. f4 Kd6 38. a3 Rb3
39. Kf2 Rxa3 40. g4 Rh3 41. g5 Rh7 42. Bf3 Bxf3 43. Kxf3 Re7 44. Rf5 Re1 45.
Kg4 Ke7 46. Kh5 a6 47. Kg6 b5 48. Rf7+ Ke8 49. f5 Rg1 50. Rb7 Re1 51. f6 Rf1
52. Kg7 1-0

[Event "Oberliga Ost A 2017 2018"]
[Site "Germany"]
[Date "2017.11.11"]
[Round "2.4"]
[White "Pallas, Sebastian"]
[Black "Haessler, Wolfgang"]
[Result "1-0"]
[WhiteElo "2230"]
[BlackElo "2178"]
[PlyCount "125"]
[EventDate "2017.10.22"]
[EventType "team-tourn"]
[EventCountry "GER"]
[WhiteTeam "Loeberitz SG"]
[BlackTeam "Aue ESV Nickelhuette II"]
[WhiteTeamCountry "GER"]
[BlackTeamCountry "GER"]

1. e4 d6 2. d4 Nf6 3. Nc3 e5 4. Nf3 Nbd7 5. Be2 Be7 6. O-O O-O 7. Re1 c6 8. a4
a5 9. h3 Re8 10. Bf1 Qc7 11. Bg5 Nf8 12. Qd2 h6 13. Be3 g5 14. Bd3 Ng6 15. Ne2
Nf4 16. Ng3 Bf8 17. Bf1 Bg7 18. Rad1 N4h5 19. Nxh5 Nxh5 20. dxe5 dxe5 21. Bc5
Bf8 22. Bxf8 Kxf8 23. h4 f6 24. Bc4 Nf4 25. g3 Ne6 26. hxg5 hxg5 27. Kg2 Rd8
28. Qe3 Rxd1 29. Rxd1 Bd7 30. Qa3+ c5 31. Qd3 Nd4 32. c3 Bxa4 33. Rh1 Nxf3 34.
Qxf3 Qg7 35. Bd5 Rd8 36. Qh5 Be8 37. Qh8+ Qxh8 38. Rxh8+ Ke7 39. Rh7+ Kd6 40.
Rxb7 f5 41. Rb6+ Kc7 42. Re6 fxe4 43. Bxe4 Bb5 44. Rxe5 Rd2 45. c4 Kd6 46. Rd5+
Rxd5 47. Bxd5 Bd7 48. Kf3 Ke5 49. Ke3 Ba4 50. f4+ gxf4+ 51. gxf4+ Kf6 52. Be4
Bb3 53. Bd3 Ba4 54. Kf3 Bb3 55. Ke4 Ke6 56. f5+ Kd6 57. f6 Ba4 58. Kf5 Bd7+ 59.
Kg6 Be6 60. Kg7 Ke5 61. f7 Bxf7 62. Kxf7 Kd4 63. Bf1 1-0

[Event "Oberliga Ost A 2017 2018"]
[Site "Germany"]
[Date "2017.11.11"]
[Round "2.5"]
[White "Heinz, Juergen"]
[Black "Proehl, Holger"]
[Result "0-1"]
[WhiteElo "2222"]
[BlackElo "2364"]
[PlyCount "92"]
[EventDate "2017.10.22"]
[EventType "team-tourn"]
[EventCountry "GER"]
[WhiteTeam "Aue ESV Nickelhuette II"]
[BlackTeam "Loeberitz SG"]
[WhiteTeamCountry "GER"]
[BlackTeamCountry "GER"]

1. d4 b5 2. a4 b4 3. e4 Bb7 4. Nd2 e6 5. Bd3 c5 6. Ngf3 cxd4 7. Nxd4 Nc6 8.
Nxc6 Bxc6 9. O-O d6 10. Qe2 Nf6 11. Bb5 Bd7 12. Nf3 Be7 13. Rd1 O-O 14. Bg5 Qc7
15. Bxd7 Qxd7 16. Bxf6 gxf6 17. Rd3 Kh8 18. Qd2 Qb7 19. Re1 Rg8 20. Nd4 f5 21.
f3 fxe4 22. Rxe4 d5 23. Re2 Rac8 24. Qf4 Rg7 25. Kf1 Qc7 26. Qxc7 Rxc7 27. f4
Bf6 28. Nb5 Rd7 29. c4 a6 30. c5 axb5 31. axb5 Rb7 32. b6 Rg8 33. f5 Rc8 34.
fxe6 Rxc5 35. exf7 Kg7 36. Re6 Kxf7 37. Rd6 Ke7 38. R6xd5 Rxd5 39. Rxd5 Bxb2
40. Rb5 Bc3 41. Ke2 Kd6 42. Rh5 Kc6 43. Rh6+ Kb5 44. Kd3 Rd7+ 45. Kc2 Rd2+ 46.
Kc1 b3 0-1

[Event "Oberliga Ost A 2017 2018"]
[Site "Germany"]
[Date "2017.11.11"]
[Round "2.6"]
[White "Schuetze, Norman"]
[Black "Rosko, Lubos"]
[Result "1/2-1/2"]
[WhiteElo "2282"]
[BlackElo "2316"]
[PlyCount "68"]
[EventDate "2017.10.22"]
[EventType "team-tourn"]
[EventCountry "GER"]
[WhiteTeam "Loeberitz SG"]
[BlackTeam "Aue ESV Nickelhuette II"]
[WhiteTeamCountry "GER"]
[BlackTeamCountry "GER"]

1. e4 c5 2. Nf3 d6 3. d4 cxd4 4. Nxd4 Nf6 5. Nc3 Nc6 6. Bg5 e6 7. Qd2 a6 8.
O-O-O Bd7 9. Nxc6 Bxc6 10. f3 Be7 11. Bf4 d5 12. exd5 Nxd5 13. Nxd5 Qxd5 14. c4
Qxd2+ 15. Bxd2 f6 16. Bd3 Kf7 17. Rhe1 Rac8 18. Kb1 g5 19. Ba5 Bd8 20. Bb4 Bc7
21. Be4 Rcd8 22. Bxc6 bxc6 23. Bc3 h5 24. h3 e5 25. Kc2 Ke6 26. Rxd8 Rxd8 27.
g4 f5 28. Bd2 hxg4 29. hxg4 Rxd2+ 30. Kxd2 Ba5+ 31. Ke2 Bxe1 32. Kxe1 e4 33.
fxe4 fxg4 34. b4 Ke5 1/2-1/2

[Event "Oberliga Ost A 2017 2018"]
[Site "Germany"]
[Date "2017.11.11"]
[Round "2.7"]
[White "Poessel, Christian"]
[Black "Schuster, Martin"]
[Result "1/2-1/2"]
[WhiteElo "2001"]
[BlackElo "2205"]
[PlyCount "72"]
[EventDate "2017.10.22"]
[EventType "team-tourn"]
[EventCountry "GER"]
[WhiteTeam "Aue ESV Nickelhuette II"]
[BlackTeam "Loeberitz SG"]
[WhiteTeamCountry "GER"]
[BlackTeamCountry "GER"]

1. Nf3 d5 2. c4 e6 3. g3 Nf6 4. Bg2 Be7 5. O-O O-O 6. b3 c5 7. cxd5 Nxd5 8. Bb2
Nc6 9. Nc3 Bf6 10. Rb1 Nxc3 11. Bxc3 Bxc3 12. dxc3 Qf6 13. Qc1 b6 14. Qe3 Bb7
15. Ne5 Nxe5 16. Bxb7 Rad8 17. Rbd1 Ng4 18. Qf3 Qg5 19. h4 Qe7 20. Ba6 Nf6 21.
e4 Qc7 22. Bd3 Qe5 23. Bc2 h6 24. Kg2 Qc7 25. Rxd8 Rxd8 26. Rd1 Rxd1 27. Qxd1
g6 28. Qd3 h5 29. f3 Kg7 30. Qd2 Nd7 31. Bd1 Ne5 32. Be2 Nd7 33. Bb5 Ne5 34.
Be2 Nd7 35. Bb5 Ne5 36. Be2 Nd7 1/2-1/2

[Event "Oberliga Ost A 2017 2018"]
[Site "Germany"]
[Date "2017.11.11"]
[Round "2.8"]
[White "Schindler, Christian"]
[Black "Vlckova, Katerina"]
[Result "1/2-1/2"]
[WhiteElo "2219"]
[BlackElo "1954"]
[PlyCount "97"]
[EventDate "2017.10.22"]
[EventType "team-tourn"]
[EventCountry "GER"]
[WhiteTeam "Loeberitz SG"]
[BlackTeam "Aue ESV Nickelhuette II"]
[WhiteTeamCountry "GER"]
[BlackTeamCountry "GER"]

1. d4 Nf6 2. Nf3 g6 3. b3 Bg7 4. Bb2 O-O 5. e3 d5 6. c4 c5 7. Be2 Qa5+ 8. Qd2
Qxd2+ 9. Nbxd2 cxd4 10. Nxd4 Nc6 11. O-O Rd8 12. Rfd1 Nxd4 13. Bxd4 Be6 14.
Rac1 dxc4 15. Nxc4 Bg4 16. f3 Be6 17. Rd2 Bxc4 18. Rxc4 e5 19. Bc3 Nd5 20. Kf2
Bh6 21. Rd3 Nxc3 22. Rcxc3 Rxd3 23. Bxd3 Rd8 24. Ke2 Rd7 25. Bb5 Rd5 26. Rc8+
Bf8 27. Bc4 Rd7 28. Re8 Re7 29. Ra8 b6 30. Kd3 Kg7 31. Ke4 Rd7 32. Kxe5 Bd6+
33. Kd5 Bxh2+ 34. Kc6 Rc7+ 35. Kb5 Bg1 36. e4 Rc5+ 37. Kb4 Rc7 38. a4 Bf2 39.
Rd8 Kf6 40. Rd5 a5+ 41. Kc3 Ke7 42. Re5+ Kf6 43. Rd5 Ke7 44. Kd3 f6 45. e5 fxe5
46. Rxe5+ Kf6 47. f4 Re7 48. Ke2 Bc5 49. Rxe7 1/2-1/2

[Event "Oberliga Ost A 2017 2018"]
[Site "Germany"]
[Date "2017.11.11"]
[Round "2.1"]
[White "Pietsch, Michael"]
[Black "Richter, Leonard"]
[Result "1/2-1/2"]
[WhiteElo "2206"]
[BlackElo "2268"]
[PlyCount "95"]
[EventDate "2017.10.22"]
[EventType "team-tourn"]
[EventCountry "GER"]
[WhiteTeam "Coswig TuS"]
[BlackTeam "Leipzig SG II"]
[WhiteTeamCountry "GER"]
[BlackTeamCountry "GER"]

1. c4 Nf6 2. g3 g6 3. Bg2 Bg7 4. Nc3 O-O 5. e4 d6 6. Nge2 Nc6 7. O-O a6 8. d3
Rb8 9. Rb1 b5 10. cxb5 axb5 11. b4 e5 12. h3 Nd4 13. Bg5 h6 14. Be3 Ne8 15. Qd2
Kh7 16. f4 f5 17. Rf2 Be6 18. Kh2 Nxe2 19. Nxe2 Ra8 20. exf5 Rxa2 21. fxg6+ Kh8
22. Qc1 Bf5 23. fxe5 Bxd3 24. Rxf8+ Bxf8 25. Rb2 Rxb2 26. Qxb2 Bg7 27. Nf4 dxe5
28. Ne6 Qf6 29. Nxg7 Kxg7 30. Qd2 Qxg6 31. Bxh6+ Kh7 32. Be3 Nd6 33. Qc3 Nc4
34. Bc5 Be4 35. Bf1 Qf5 36. Be2 Bd5 37. Bd3 e4 38. Be2 Ne5 39. g4 Nf3+ 40. Bxf3
Qf4+ 41. Kg1 Qg3+ 42. Kh1 Qxh3+ 43. Kg1 Qg3+ 44. Kh1 Qxf3+ 45. Qxf3 exf3 46.
Kg1 Kg6 47. Kf2 Kg5 48. Bf8 1/2-1/2

[Event "Oberliga Ost A 2017 2018"]
[Site "Germany"]
[Date "2017.11.11"]
[Round "2.2"]
[White "Schunk, Thomas"]
[Black "Schweitzer, Andreas"]
[Result "1/2-1/2"]
[WhiteElo "2152"]
[BlackElo "2228"]
[PlyCount "84"]
[EventDate "2017.10.22"]
[EventType "team-tourn"]
[EventCountry "GER"]
[WhiteTeam "Leipzig SG II"]
[BlackTeam "Coswig TuS"]
[WhiteTeamCountry "GER"]
[BlackTeamCountry "GER"]

1. c4 e6 2. Nf3 d5 3. b3 c5 4. Bb2 Nc6 5. e3 d4 6. exd4 cxd4 7. d3 Nf6 8. a3 a5
9. g3 e5 10. Bg2 Bc5 11. O-O O-O 12. Nbd2 Bf5 13. Ne1 Qb6 14. Ne4 Nd7 15. Rb1
Bg6 16. h4 f5 17. Ng5 Nf6 18. Ne6 Rfe8 19. Nxc5 Qxc5 20. b4 axb4 21. axb4 Nxb4
22. Qb3 Nc6 23. Qxb7 e4 24. Qb5 Nd7 25. Nc2 Rab8 26. Qxc5 Nxc5 27. Nxd4 Rxb2
28. Nxc6 Nxd3 29. Rxb2 Nxb2 30. Rc1 Re6 31. Nd4 Rd6 32. Nb5 Rc6 33. Bf1 Nd3 34.
Rc3 Bf7 35. Bxd3 exd3 36. Rxd3 Bxc4 37. Rd8+ Kf7 38. Nd4 Rc5 39. Rd7+ Kf6 40.
f4 Rd5 41. Rxd5 Bxd5 42. Kf2 h6 1/2-1/2

[Event "Oberliga Ost A 2017 2018"]
[Site "Germany"]
[Date "2017.11.11"]
[Round "2.3"]
[White "Hofmann, Rares"]
[Black "Heistermann, Till"]
[Result "1/2-1/2"]
[WhiteElo "2229"]
[BlackElo "2155"]
[PlyCount "21"]
[EventDate "2017.10.22"]
[EventType "team-tourn"]
[EventCountry "GER"]
[WhiteTeam "Coswig TuS"]
[BlackTeam "Leipzig SG II"]
[WhiteTeamCountry "GER"]
[BlackTeamCountry "GER"]

1. e4 d6 2. d4 e5 3. dxe5 dxe5 4. Qxd8+ Kxd8 5. Bc4 f6 6. Be3 Nd7 7. Nd2 c6 8.
f4 Bd6 9. Ne2 exf4 10. Bxf4 Ne5 11. O-O-O 1/2-1/2

[Event "Oberliga Ost A 2017 2018"]
[Site "Germany"]
[Date "2017.11.11"]
[Round "2.4"]
[White "Pietzsch, Manuel"]
[Black "Mueller, Richard"]
[Result "1-0"]
[WhiteElo "2109"]
[BlackElo "2161"]
[PlyCount "53"]
[EventDate "2017.10.22"]
[EventType "team-tourn"]
[EventCountry "GER"]
[WhiteTeam "Leipzig SG II"]
[BlackTeam "Coswig TuS"]
[WhiteTeamCountry "GER"]
[BlackTeamCountry "GER"]

1. e4 c5 2. Nf3 e6 3. d4 cxd4 4. Nxd4 Nc6 5. Nc3 Qc7 6. Be3 a6 7. Qf3 Bb4 8.
Nxc6 dxc6 9. O-O-O b5 10. Bd4 e5 11. Qg3 f6 12. Bb6 Qb7 13. Be2 Kf7 14. Be3 Qc7
15. f4 Bd6 16. f5 Ne7 17. Qh4 Bb7 18. g4 g5 19. Qh5+ Kg7 20. Bxg5 fxg5 21.
Qxg5+ Kf7 22. Qh6 Rad8 23. g5 Ng6 24. fxg6+ Kg8 25. Rhf1 Bf8 26. Rxd8 Qxd8 27.
g7 1-0

[Event "Oberliga Ost A 2017 2018"]
[Site "Germany"]
[Date "2017.11.11"]
[Round "2.6"]
[White "Roemling, Sven"]
[Black "Klawa, Patrick"]
[Result "1-0"]
[WhiteElo "2154"]
[BlackElo "2163"]
[PlyCount "93"]
[EventDate "2017.10.22"]
[EventType "team-tourn"]
[EventCountry "GER"]
[WhiteTeam "Leipzig SG II"]
[BlackTeam "Coswig TuS"]
[WhiteTeamCountry "GER"]
[BlackTeamCountry "GER"]

1. Nf3 e6 2. c4 f5 3. g3 Nf6 4. Bg2 d5 5. O-O Bd6 6. Qc2 c6 7. d3 O-O 8. Nbd2
Nbd7 9. b3 e5 10. cxd5 cxd5 11. e4 fxe4 12. dxe4 b6 13. exd5 Ba6 14. Re1 Nc5
15. Nc4 e4 16. Ng5 Rc8 17. Be3 b5 18. Nxd6 Qxd6 19. Qd2 h6 20. Bxc5 Rxc5 21.
Nxe4 Nxe4 22. Bxe4 Bb7 23. Rac1 Rd8 24. Qd4 Rdc8 25. Rxc5 Rxc5 26. h4 a5 27.
Rd1 Rc7 28. Bf5 Bc8 29. Bd3 Bd7 30. Qe4 Kf7 31. h5 Rc5 32. Qf3+ Ke7 33. Bg6 Kd8
34. Kh2 b4 35. Qe4 Qf6 36. Rd2 Kc7 37. d6+ Kb6 38. Qe7 Qc3 39. Qd8+ Ka6 40. Rc2
Qd4 41. Qa8+ Kb6 42. Qb8+ Ka6 43. Bd3+ Qxd3 44. Rxc5 Qf3 45. Kg1 Qd1+ 46. Kg2
Bh3+ 47. Kh2 1-0

[Event "Oberliga Ost A 2017 2018"]
[Site "Germany"]
[Date "2017.11.11"]
[Round "2.7"]
[White "Merker, Matthias"]
[Black "Limpert, Michael"]
[Result "1-0"]
[WhiteElo "2133"]
[BlackElo "2185"]
[PlyCount "37"]
[EventDate "2017.10.22"]
[EventType "team-tourn"]
[EventCountry "GER"]
[WhiteTeam "Coswig TuS"]
[BlackTeam "Leipzig SG II"]
[WhiteTeamCountry "GER"]
[BlackTeamCountry "GER"]

1. d4 d5 2. c4 c6 3. Nc3 e6 4. e4 dxe4 5. Nxe4 Bb4+ 6. Bd2 Qxd4 7. Bxb4 Qxe4+
8. Be2 Na6 9. Bc3 Ne7 10. Nf3 f6 11. O-O Qg6 12. Ne5 Qh6 13. Bh5+ g6 14. Ng4
Qf4 15. Nxf6+ Kf7 16. Bf3 b6 17. Ne4 Rf8 18. g3 Qc7 19. Nd6+ 1-0

[Event "Oberliga Ost A 2017 2018"]
[Site "Germany"]
[Date "2017.11.11"]
[Round "2.1"]
[White "Mastrovasilis, Dimitrios"]
[Black "Spreng, Simon"]
[Result "1-0"]
[WhiteElo "2596"]
[BlackElo "2235"]
[PlyCount "81"]
[EventDate "2017.10.22"]
[EventType "team-tourn"]
[EventCountry "GER"]
[WhiteTeam "Plauen SK Koenig"]
[BlackTeam "Dessau SK"]
[WhiteTeamCountry "GER"]
[BlackTeamCountry "GER"]

1. e4 Nf6 2. e5 Nd5 3. d4 d6 4. c4 Nb6 5. exd6 exd6 6. Nc3 Be7 7. Bd3 Nc6 8.
Nge2 Bg4 9. f3 Bh5 10. O-O Bg6 11. b3 d5 12. c5 Nc8 13. Bb5 Bf6 14. Bxc6+ bxc6
15. Bf4 O-O 16. Qd2 Re8 17. Rae1 Bh4 18. g3 Bf6 19. g4 Bh4 20. Bg3 Bxg3 21.
Nxg3 Ne7 22. h4 f6 23. h5 Bf7 24. Nce2 Qd7 25. Rf2 a5 26. Nf4 a4 27. b4 Kf8 28.
Qd3 g6 29. Rfe2 Kg7 30. hxg6 hxg6 31. Nfh5+ gxh5 32. Rxe7 Rxe7 33. Rxe7 Qxe7
34. Nf5+ Kf8 35. Nxe7 Kxe7 36. Qe3+ Be6 37. gxh5 Rg8+ 38. Kf2 Rg5 39. Qf4 Rxh5
40. Qxc7+ Bd7 41. b5 1-0

[Event "Oberliga Ost A 2017 2018"]
[Site "Germany"]
[Date "2017.11.11"]
[Round "2.2"]
[White "Schubert, Ralf"]
[Black "Zawadzka, Jolanta"]
[Result "1/2-1/2"]
[WhiteElo "2148"]
[BlackElo "2420"]
[PlyCount "78"]
[EventDate "2017.10.22"]
[EventType "team-tourn"]
[EventCountry "GER"]
[WhiteTeam "Dessau SK"]
[BlackTeam "Plauen SK Koenig"]
[WhiteTeamCountry "GER"]
[BlackTeamCountry "GER"]

1. d4 d5 2. c4 e6 3. Nc3 Bb4 4. cxd5 exd5 5. a3 Bxc3+ 6. bxc3 Ne7 7. Nf3 O-O 8.
e3 b6 9. Bd3 Bf5 10. O-O Re8 11. Qc2 Qc8 12. e4 dxe4 13. Bxe4 Nbc6 14. Bg5 f6
15. Bh4 Bxe4 16. Qxe4 Qd7 17. Bg3 Na5 18. Qc2 Qc6 19. Nd2 Rad8 20. Rfc1 Kh8 21.
a4 Qd7 22. Nb3 Nec6 23. Nxa5 Nxa5 24. Re1 Re7 25. Rxe7 Qxe7 26. f3 Re8 27. Re1
Qd7 28. Rxe8+ Qxe8 29. Qe4 Qf8 30. Bxc7 h6 31. h3 Qa3 32. Qa8+ Kh7 33. Qxa7 Nc4
34. Qa8 Qc1+ 35. Kh2 Ne3 36. Bf4 Nf1+ 37. Kg1 Ne3+ 38. Kh2 Nf1+ 39. Kg1 Ne3+
1/2-1/2

[Event "Oberliga Ost A 2017 2018"]
[Site "Germany"]
[Date "2017.11.11"]
[Round "2.3"]
[White "Kuraszkiewicz, Michael"]
[Black "Erler, Rainer"]
[Result "1-0"]
[WhiteElo "2303"]
[BlackElo "2100"]
[PlyCount "57"]
[EventDate "2017.10.22"]
[EventType "team-tourn"]
[EventCountry "GER"]
[WhiteTeam "Plauen SK Koenig"]
[BlackTeam "Dessau SK"]
[WhiteTeamCountry "GER"]
[BlackTeamCountry "GER"]

1. d4 d5 2. c4 e6 3. Nc3 c5 4. cxd5 exd5 5. Nf3 Nc6 6. Bg5 Be7 7. Bxe7 Ngxe7 8.
e3 c4 9. Be2 a6 10. b3 Qa5 11. Rc1 b5 12. bxc4 dxc4 13. O-O O-O 14. d5 Rd8 15.
e4 Ng6 16. g3 Bh3 17. Re1 f6 18. Nd4 Nxd4 19. Qxd4 Rac8 20. f4 Qa3 21. e5 fxe5
22. fxe5 Qe7 23. Bf3 Rf8 24. d6 Qg5 25. Bd5+ Kh8 26. e6 Rce8 27. Ne4 Qe5 28.
Qxe5 Nxe5 29. Ng5 1-0

[Event "Oberliga Ost A 2017 2018"]
[Site "Germany"]
[Date "2017.11.11"]
[Round "2.4"]
[White "Leibovitch, Iziaslav"]
[Black "Schaller, Sven"]
[Result "0-1"]
[WhiteElo "2125"]
[BlackElo "2270"]
[PlyCount "90"]
[EventDate "2017.10.22"]
[EventType "team-tourn"]
[EventCountry "GER"]
[WhiteTeam "Dessau SK"]
[BlackTeam "Plauen SK Koenig"]
[WhiteTeamCountry "GER"]
[BlackTeamCountry "GER"]

1. Nf3 Nf6 2. g3 d5 3. Bg2 Bf5 4. O-O c6 5. d3 h6 6. Nbd2 e6 7. Qe1 Be7 8. e4
Bh7 9. Qe2 O-O 10. e5 Nfd7 11. Re1 Qc7 12. h4 a5 13. Nf1 a4 14. a3 c5 15. c3
Nc6 16. Bf4 b5 17. Ne3 Qa5 18. Ng4 b4 19. Qd2 bxc3 20. bxc3 h5 21. Ngh2 Rab8
22. g4 Rb3 23. Rec1 Bg6 24. gxh5 Bxh5 25. Bg5 Bxg5 26. Qxg5 Bxf3 27. Nxf3 Rxc3
28. Qh5 Rb8 29. Re1 Qc7 30. Ng5 Nf8 31. Re3 Nd4 32. Bh3 Rb2 33. Bg4 Rbb3 34.
Rg3 Rxd3 35. Rg2 Rxa3 36. Re1 Ra2 37. Nf3 g6 38. Qh6 Nxf3+ 39. Bxf3 Rxf3 40. h5
Rh3 41. Qg5 Kh7 42. hxg6+ Nxg6 43. Qf6 a3 44. Rh2 Rxh2 45. Kxh2 Qe7 0-1

[Event "Oberliga Ost A 2017 2018"]
[Site "Germany"]
[Date "2017.11.11"]
[Round "2.5"]
[White "Sandner, Gunter"]
[Black "Ozeran, Volodymyr"]
[Result "1-0"]
[WhiteElo "2255"]
[BlackElo "2087"]
[PlyCount "63"]
[EventDate "2017.10.22"]
[EventType "team-tourn"]
[EventCountry "GER"]
[WhiteTeam "Plauen SK Koenig"]
[BlackTeam "Dessau SK"]
[WhiteTeamCountry "GER"]
[BlackTeamCountry "GER"]

1. Nf3 d5 2. g3 Nf6 3. Bg2 g6 4. O-O Bg7 5. d4 O-O 6. c4 c6 7. cxd5 cxd5 8. Nc3
Qb6 9. Ne5 e6 10. Na4 Qd8 11. Bg5 h6 12. Bd2 Nbd7 13. f4 Nxe5 14. fxe5 Ne4 15.
Bb4 Re8 16. Nc5 Nxc5 17. Bxc5 b6 18. Bd6 Ba6 19. Rf2 Bf8 20. Bxf8 Rxf8 21. Rf3
Qd7 22. Qd2 Kg7 23. Raf1 Rac8 24. Bh3 Rc6 25. Bg4 Qe7 26. Qf4 Rcc8 27. Bh5 Bb5
28. Qg4 Kh8 29. Qh4 Kh7 30. Bxg6+ fxg6 31. Rxf8 Qxh4 32. R1f7# 1-0

[Event "Oberliga Ost A 2017 2018"]
[Site "Germany"]
[Date "2017.11.11"]
[Round "2.6"]
[White "Schaefer, Sven"]
[Black "Hoerr, Matthias"]
[Result "0-1"]
[WhiteElo "2001"]
[BlackElo "2196"]
[PlyCount "66"]
[EventDate "2017.10.22"]
[EventType "team-tourn"]
[EventCountry "GER"]
[WhiteTeam "Dessau SK"]
[BlackTeam "Plauen SK Koenig"]
[WhiteTeamCountry "GER"]
[BlackTeamCountry "GER"]

1. e4 c5 2. Nf3 e6 3. d4 cxd4 4. Nxd4 Nc6 5. c4 Nf6 6. Nc3 Bb4 7. Nxc6 bxc6 8.
Bd3 e5 9. O-O O-O 10. Bg5 h6 11. Bd2 Bc5 12. Na4 Bd4 13. c5 d5 14. cxd6 Qxd6
15. Bc3 Rd8 16. Bxd4 Qxd4 17. Bc2 Ba6 18. Re1 Qb4 19. Qc1 Rd2 20. h3 Rad8 21.
Bb3 Qd4 22. Qc5 Bb5 23. Qxd4 R8xd4 24. Nc5 Rxb2 25. Rad1 Rdd2 26. Rxd2 Rxd2 27.
Rc1 Kf8 28. Rc3 Ke7 29. Rc1 a5 30. a4 Bd3 31. f3 Nh5 32. Rc3 Nf4 33. Nxd3 Ne2+
0-1

[Event "Oberliga Ost A 2017 2018"]
[Site "Germany"]
[Date "2017.11.11"]
[Round "2.7"]
[White "Pfretzschner, Roland"]
[Black "Weder, Axel"]
[Result "1-0"]
[WhiteElo "2211"]
[BlackElo "2061"]
[PlyCount "89"]
[EventDate "2017.10.22"]
[EventType "team-tourn"]
[EventCountry "GER"]
[WhiteTeam "Plauen SK Koenig"]
[BlackTeam "Dessau SK"]
[WhiteTeamCountry "GER"]
[BlackTeamCountry "GER"]

1. e4 c5 2. Nf3 e6 3. d4 cxd4 4. Nxd4 a6 5. Nc3 Qc7 6. g3 Bb4 7. Qd3 Nf6 8. Bg2
Nc6 9. O-O O-O 10. Nxc6 bxc6 11. Bf4 e5 12. Bg5 Be7 13. Na4 d6 14. c4 Be6 15.
Qe2 Rab8 16. Rac1 h6 17. Bd2 c5 18. b3 Bg4 19. f3 Bd7 20. Nc3 Qc8 21. f4 a5 22.
fxe5 dxe5 23. Nd5 Nxd5 24. exd5 Qc7 25. Bc3 Bd6 26. Rce1 Rbe8 27. Qd2 Ra8 28.
Qb2 f6 29. Rf2 Ra6 30. Be4 Rb8 31. Qe2 Rf8 32. Qh5 Be8 33. Qg4 Qe7 34. Ref1 Bc7
35. Bd2 Kh8 36. Qh4 Kg8 37. g4 Bf7 38. Qg3 g5 39. h4 Kg7 40. hxg5 hxg5 41. Rh2
Bg6 42. Bxg6 Kxg6 43. Qh3 Rg8 44. Qh5+ Kg7 45. Bxg5 1-0

[Event "Oberliga Ost A 2017 2018"]
[Site "Germany"]
[Date "2017.11.11"]
[Round "2.8"]
[White "Schneider, Jens Erik"]
[Black "Zaehringer, Daniel"]
[Result "1/2-1/2"]
[WhiteElo "1925"]
[BlackElo "2015"]
[PlyCount "74"]
[EventDate "2017.10.22"]
[EventType "team-tourn"]
[EventCountry "GER"]
[WhiteTeam "Dessau SK"]
[BlackTeam "Plauen SK Koenig"]
[WhiteTeamCountry "GER"]
[BlackTeamCountry "GER"]

1. d4 d5 2. c4 e6 3. Nc3 c6 4. e3 Nf6 5. Bd2 Bd6 6. c5 Bc7 7. f4 b6 8. b4 a5 9.
a3 Ba6 10. Be2 Bxe2 11. Ngxe2 b5 12. O-O a4 13. Be1 Ng4 14. Rf3 f5 15. h3 Nf6
16. Bh4 Nbd7 17. g4 Qc8 18. g5 Ne4 19. Nxe4 dxe4 20. Rg3 Nf8 21. Rg2 Ng6 22.
Bg3 Ne7 23. Nc3 O-O 24. Kf2 Qd7 25. h4 Nd5 26. Nxd5 Qxd5 27. Qc2 Ra7 28. Rb1
Raa8 29. Qe2 Rad8 30. Kg1 Rd7 31. Qa2 Qxa2 32. Rxa2 h6 33. Rh2 Kf7 34. Kg2 Bd8
35. Rg1 Be7 36. Kf1 Rh8 37. Rgh1 h5 1/2-1/2